000 00938cam a2200277 a 4500
001 17782
003 BD-RjUL
005 20211209000207.0
008 140219s1968 nyu 000 0 eng
020 _a0878309829 (pbk.)
035 _a(BD-RjUL)17840
040 _aDLC
_cDLC
_dDLC
_dBD-RjUL
_beng
041 1 _aeng
_hrus
082 0 0 _a792.028
_220
_bSTB
100 1 _aStanislavsky, Konstantin,
_d1863-1938.
_954866
245 1 0 _aBuilding a character /
_cConstantin Stanislavski ; translated by Elizabeth Reynolds Hapgood.
260 _aNew York :
_bRoutledge/Theater Arts Books,
_c19768.
300 _a300 p. ;
_c21 cm.
500 _aTranslation of: Rabota aktera nad soboĭ. 2. Rabota nad soboĭ v tvorcheskom prot︠s︡esse voploshchenii︠a︡.
650 0 _aMethod acting
_954867
650 0 _aActing.
_954868
942 _2ddc
_cBK
999 _c17782
_d17782